| 000 | 03649nam a22007337a 4500 | ||
|---|---|---|---|
| 003 | CHAP | ||
| 005 | 20220329140724.0 | ||
| 008 | 971013s1963 r 00010 d | ||
| 010 | _a56552 | ||
| 011 | _a57524 | ||
| 035 | _a61679 | ||
| 040 | _cCHAP | ||
| 082 |
_a332.71 _bZ55 |
||
| 100 | 0 | 0 |
_aZimmermann Monteagudo, Jorge. _9124046 |
| 245 | _aEstructura institucional y procedimientos de crédito agrícola | ||
| 260 |
_aMéxico, D.F. : _bInstituto Interamericano de Ciencias Agrícolas, _c(1963) |
||
| 300 |
_a212 h. _b: ilus. |
||
| 490 | _aCurso Internacional de Crédito Agrícola. México, 1963 | ||
| 590 |
_aBATCH-UPD _b10 _c20130110 _lUCH01 _h0008 |
||
| 590 |
_aBATCH-UPD _b10 _c20130110 _lUCH01 _h0427 |
||
| 590 |
_aBATCH-UPD _b10 _c20130409 _lUCH01 _h1945 |
||
| 590 |
_aBATCH-UPD _b10 _c20130410 _lUCH01 _h0604 |
||
| 590 |
_aBATCH-UPD _b10 _c20130914 _lUCH01 _h1059 |
||
| 590 |
_aCONVERSION _b10 _c20130109 _lUCH01 _h1330 |
||
| 650 | 1 | 4 |
_aCrédito agrícola. _929022 |
| 830 | 0 |
_aCurso Internacional de Crédito Agrícola. México, 1963 _930648 |
|
| 901 | _aBK | ||
| 942 | _cLIBRO | ||
| 949 |
_a332.71 Z55 _bBC _cBPA _d-110001 _eBPA _fc.5 _h11712 _i61679 _si |
||
| 949 |
_a332.71 Z55 _bBC _cBPA _d-153285 _eBPA _fc.6 _h11713 _i61679 _si |
||
| 949 |
_a332.71 Z55 _bBC _cBPA _d-153286 _eBPA _fc.7 _h11714 _i61679 _si |
||
| 949 |
_a332.71 Z55 _bBC _cBPA _d-153287 _eBPA _fc.8 _h11715 _i61679 _si |
||
| 949 |
_a332.71 Z55 _bBC _cBPA _d-153288 _eBPA _fc.9 _h11716 _i61679 _si |
||
| 949 |
_a332.71 Z55 _bBC _cBPA _d-153289 _eBPA _fc.10 _h11717 _i61679 _si |
||
| 949 |
_a332.71 Z55 _bBC _cBPA _d-153290 _eBPA _fc.11 _h11718 _i61679 _si |
||
| 949 |
_a332.71 Z55 _bBC _cBPA _d-153291 _eBPA _fc.12 _h11719 _i61679 _si |
||
| 949 |
_a332.71 Z55 _bBC _cBPA _d-153292 _eBPA _fc.13 _h11720 _i61679 _si |
||
| 949 |
_a332.71 Z55 _bBC _cBPA _d-153293 _eBPA _fc.15 _h11722 _i61679 _si |
||
| 949 |
_a332.71 Z55 _bBC _cBPA _d-153294 _eBPA _fc.14 _h11721 _i61679 _si |
||
| 949 |
_a332.71 Z55 _bBC _cBPA _d-153295 _eBPA _fc.16 _h11723 _i61679 _si |
||
| 949 |
_a332.71 Z55 _bBC _cBPA _d-153296 _eBPA _fc.17 _h11724 _i61679 _si |
||
| 949 |
_a332.71 Z55 _bBC _cBPA _d-153297 _eBPA _fc.18 _h11725 _i61679 _si |
||
| 949 |
_a332.71 Z55 _bBC _cBPA _d-153298 _eBPA _fc.19 _h11726 _i61679 _si |
||
| 949 |
_a332.71 Z55 _bBC _cBPA _d-153299 _eBPA _fc.20 _h11727 _i61679 _si |
||
| 949 |
_a332.71 Z55 _bBC _cBPA _d-153300 _eBPA _fc.21 _h11728 _i61679 _si |
||
| 949 |
_a332.71 Z55 _bBC _cBPA _d-153301 _eBPA _fc.22 _h11729 _i61679 _si |
||
| 949 |
_a332.71 Z55 _bBC _cBPA _d-153302 _eBPA _fc.23 _h11730 _i61679 _si |
||
| 949 |
_a332.71 Z55 _bBC _cBPA _d-153303 _eBPA _fc.24 _h11731 _i61679 _si |
||
| 949 |
_a332.71 Z55 _bBC _cBPA _d-153304 _eBPA _fc.25 _h11732 _i61679 _si |
||
| 949 |
_a332.71 Z55 _bBC _cBPA _d-153305 _eBPA _fc.26 _h11733 _i61679 _si |
||
| 949 |
_a332.71 Z55 _bBC _cBPA _d-153306 _eBPA _fc.27 _h11734 _i61679 _si |
||
| 949 |
_a332.71 Z55 _bBC _cBPA _d-153307 _eBPA _fc.28 _h11735 _i61679 _si |
||
| 949 |
_a332.71 Z55 _bBC _cBPA _d-153308 _eBPA _fc.29 _h11736 _i61679 _si |
||
| 949 |
_a332.71 Z55 _bBC _cBPA _d-153309 _eBPA _fc.30 _h11737 _i61679 _si |
||
| 949 |
_a332.71 Z55 _bBC _cBPA _d-153310 _eBPA _fc.31 _h11738 _i61679 _si |
||
| 949 |
_a332.71 Z55 _bBC _cBPA _d-153312 _eBPA _fc.32 _h11739 _i61679 _si |
||
| 949 |
_a332.71 Z55 _bBC _cBPA _d-153313 _eBPA _fc.33 _h11767 _i61679 _si |
||
| 949 |
_a332.71 Z55 _bBC _cBPA _d-153314 _eBPA _fc.34 _h11768 _i61679 _si |
||
| 949 |
_a332.71 Z55 _bBC _cBPA _d-153315 _eBPA _fc.36 _h11769 _i61679 _si |
||
| 949 |
_a332.71 Z55 _bBC _cBPA _d-88814 _eBPA _fc.4 _h11711 _i61679 _si |
||
| 949 |
_a332.71 Z55 _bBC _cLIBRO _d-60040 _eLIBRO _fc.3 _h11710 _i61679 _si |
||
| 949 |
_a332.71 Z55 _bBC _cLIBRO _d33724000338992 _eLIBRO _h11708 _i61679 _mD _si |
||
| 949 |
_a332.71 Z55 _bBC _cLIBRO _d33724000339008 _eLIBRO _fc.2 _h11709 _i61679 _si |
||
| 999 |
_c56552 _d56552 |
||